000 01382nam1a2200277 i 4500
001 rc\3059375
005 20260406184652.0
035 _a(NLR Aleph) 007198211
090 _a7606241
_c7606241
100 _a20050311g19149999u y0rusy50 ca
101 0 _arus
102 _aRU
105 _a||||z||||||||
200 1 _aПрограмма опытных полей и коллективных опытов на 1914 год
_fСтаврополь-Кавказская Сельскохозяйственная Опытная Станция Ставропольского Городского Общественнаго Управления
210 _aСтаврополь
_cТипография Губернскаго Правления
_d1914
215 _d25
601 0 2 _aСтаврополь-Кавказская сельскохозяйственная опытная станция
_92583983
_3RU\NLR\AUTH\6601737771
606 1 _aСельское хозяйство
_xОпытное дело
_yРоссия
_92583985
_3RU\NLR\AUTH\6601737772
686 3 _aП1(2)
686 3 _aП.е(2)л4
710 0 2 _aСтаврополь-Кавказская сельскохозяйственная опытная станция
_3RU\NLR\AUTH\889950077
_9395925
852 _aNLR
_j63-7/3251
942 _cBOOK